[Event "28th WSCC Women 50 2018"]
[Site "Bled"]
[Date "2018.11.25"]
[Round "7"]
[White "Berend, Elvira"]
[Black "Lauterbach, Ingrid"]
[Result "1-0"]
[WhiteElo "2332"]
[BlackElo "2027"]
[Annotator "NA"]
[PlyCount "23"]
[EventDate "2018.11.17"]
[EventType "swiss"]
[EventCountry "SLO"]
[SourceTitle "playchess.com"]
[Source "ChessBase"]
[SourceQuality "1"]
[TimeControl "40/5400+30:1800+30"]

1. e4 {[%emt 0:03:06]} c5 {[%emt 0:00:00]} 2. Nf3 {[%emt 0:00:11]} e6 {[%emt 0:00:00]} 3. d4 {[%emt 0:00:15]} cxd4 {[%emt 0:00:01]} 4. Nxd4 {[%emt 0:00:08]} a6 {[%emt 0:00:15]} 5. Bd3 {[%emt 0:01:07]} Nf6 {[%emt 0:01:03]} 6. O-O {[%emt 0:00:17]} d5 {[%emt 0:02:18]} 7. e5 {[%emt 0:01:32]} Nfd7 {[%emt 0:00:34]} 8. Nxe6 {[%emt 0:02:33]} fxe6 {[%emt 0:04:22]} 9. Qh5+ {[%emt 0:01:13]} Ke7 {[%emt 0:00:15]} 10. Bg5+ {[%emt 0:00:11]} Nf6 {[%emt 0:00:13]} 11. exf6+ {[%emt 0:00:07]} gxf6 {[%emt 0:00:10]} 12. Bxf6+ {[%emt 0:00:14]} 1-0

[Event "28th WSCC Women 50 2018"]
[Site "Bled"]
[Date "2018.11.25"]
[Round "7"]
[White "Grabuzova, Tatiana"]
[Black "Aseeva, Marina"]
[Result "1-0"]
[WhiteElo "2326"]
[BlackElo "2173"]
[Annotator "NA"]
[PlyCount "109"]
[EventDate "2018.11.17"]
[EventType "swiss"]
[EventCountry "SLO"]
[SourceTitle "playchess.com"]
[Source "ChessBase"]
[SourceQuality "1"]
[TimeControl "40/5400+30:1800+30"]

1. d4 {[%emt 0:00:00]} d5 {[%emt 0:00:00]} 2. c4 {[%emt 0:00:04]} e6 {[%emt 0:00:15]} 3. Nf3 {[%emt 0:00:14]} c6 {[%emt 0:00:13]} 4. Qc2 {[%emt 0:00:08]} Nf6 {[%emt 0:00:43]} 5. g3 {[%emt 0:00:26]} dxc4 {[%emt 0:04:52]} 6. Qxc4 {[%emt 0:00:48]} b5 {[%emt 0:02:57]} 7. Qd3 {[%emt 0:00:07]} Bb7 {[%emt 0:01:58]} 8. Bg2 {[%emt 0:00:43]} Nbd7 {[%emt 0:00:59] D30: Queen's Gambit Declined: Systems without Nc3} (8... a6 9. a4 c5 10. axb5 c4 11. Qd1 axb5 12. Rxa8 Bxa8 13. O-O Bb4 14. Bg5 Nbd7 15. Nc3 Qb6 16. Qc2 O-O 17. Rd1 {½-½ (17) Nyzhnyk,I (2599)-Galkin,A (2615) Konya 2012}) 9. O-O {[%emt 0:08:45]} Be7 {[%emt 0:00:47]} 10. Bd2 {[%emt 0:08:59]} a5 $146 {[%emt 0:12:46]} ({Predecessor:} 10... O-O 11. b4 a5 12. bxa5 b4 13. Qb3 Qxa5 14. Ne1 Rfb8 15. Bf4 Rc8 16. Nd2 {0-1 (31) Jocys,D (2155)-Novikov,V (2245) Vilnius 1995}) 11. Nc3 {[%emt 0:05:58]} b4 {[%emt 0:02:31]} 12. Ne4 {[%emt 0:03:47]} Ba6 {[%emt 0:14:06]} 13. Nxf6+ {[%emt 0:02:19]} Nxf6 {[%emt 0:00:10]} 14. Qc2 {[%emt 0:04:08]} O-O {[%emt 0:01:08]} 15. Ne5 {[%emt 0:13:52]} Bxe2 {[%emt 0:05:56]} 16. Nxc6 {[%emt 0:00:53]} Qd7 {[%emt 0:00:34]} 17. Rfe1 {[%emt 0:00:53]} Ba6 {[%emt 0:03:52]} 18. Nxe7+ {[%emt 0:00:23]} Qxe7 {[%emt 0:00:13]} 19. Bxa8 {[%emt 0:00:07]} Rxa8 {[%emt 0:00:05]} 20. Bg5 {[%emt 0:01:11]} Bb7 {[%emt 0:01:25]} 21. Rac1 {[%emt 0:04:29]} Qd7 {[%emt 0:00:37]} 22. Bxf6 {[%emt 0:02:41]} gxf6 {[%emt 0:00:15]} 23. f3 {[%emt 0:17:20]} Bxf3 {[%emt 0:03:01]} 24. Qf2 {[%emt 0:00:25]} Bb7 {[%emt 0:00:56]} 25. Qxf6 {[%emt 0:02:19]} Qd5 {[%emt 0:00:20]} 26. Kf2 {[%emt 0:00:34]} Rd8 {[%emt 0:11:12]} 27. Qf4 {[%emt 0:04:14]} Rd7 {[%emt 0:06:23]} 28. Rc5 {[%emt 0:05:59]} Qg2+ {[%emt 0:07:26]} 29. Ke3 {[%emt 0:00:06]} f6 {[%emt 0:00:27]} 30. Re2 {[%emt 0:07:15]} Qg1+ {[%emt 0:00:43]} 31. Qf2 {[%emt 0:00:35]} Qh1 {[%emt 0:05:25]} 32. Qxf6 {[%emt 0:00:09]} Qe4+ {[%emt 0:00:46] [#]} 33. Kf2 $1 {[%emt 0:00:04]} Qg2+ {[%emt 0:00:17]} 34. Ke3 {[%emt 0:00:05]} Qe4+ {[%emt 0:00:08]} 35. Kf2 {[%emt 0:00:03]} Qg2+ {[%emt 0:00:12]} 36. Ke1 {[%emt 0:00:44]} Qg1+ {[%emt 0:02:52]} 37. Qf1 {[%emt 0:00:06]} Qxd4 {[%emt 0:00:39]} 38. Rg5+ {[%emt 0:00:10]} Rg7 {[%emt 0:00:14]} 39. Rxg7+ {[%emt 0:00:33]} Kxg7 {[%emt 0:00:45]} 40. Qf4 {[%emt 0:00:00]} Qxf4 {[%emt 0:00:00]} 41. gxf4 {[%emt 0:03:17]} Kf6 {[%emt 0:04:59]} 42. Re5 {[%emt 0:00:31]} Bd5 {[%emt 0:01:04]} 43. a3 {[%emt 0:03:09]} bxa3 {[%emt 0:00:48]} 44. bxa3 {[%emt 0:00:03]} a4 {[%emt 0:00:04]} 45. Kd2 {[%emt 0:00:36]} Bb3 {[%emt 0:00:35]} 46. Kc3 {[%emt 0:00:30]} Bd5 {[%emt 0:00:48]} 47. Kb4 {[%emt 0:03:56]} Bb3 {[%emt 0:00:09]} 48. Kc5 {[%emt 0:00:07]} Bc2 {[%emt 0:02:03]} 49. Kd6 {[%emt 0:00:25]} Bb3 {[%emt 0:00:45]} 50. Ra5 {[%emt 0:01:03]} Bc2 {[%emt 0:00:51]} 51. Ra8 {[%emt 0:00:36]} Bb3 {[%emt 0:04:45]} 52. Rf8+ {[%emt 0:00:24]} Kg6 {[%emt 0:01:59]} 53. Ke5 $18 {[%emt 0:03:22]} Kh5 {[%emt 0:01:06]} 54. Rf7 {[%emt 0:00:14]} Bc2 {[%emt 0:00:35]} 55. Rf6 {[%emt 0:00:11]} 1-0

[Event "28th WSCC Women 50 2018"]
[Site "Bled"]
[Date "2018.11.25"]
[Round "7"]
[White "Burchardt, Brigitte"]
[Black "Sirotkina, Nina"]
[Result "1/2-1/2"]
[WhiteElo "2200"]
[BlackElo "2188"]
[Annotator "NA"]
[PlyCount "105"]
[EventDate "2018.11.17"]
[EventType "swiss"]
[EventCountry "SLO"]
[SourceTitle "playchess.com"]
[Source "ChessBase"]
[SourceQuality "1"]
[TimeControl "40/5400+30:1800+30"]

1. e4 {[%emt 0:00:00]} c5 {[%emt 0:00:00]} 2. Nc3 {[%emt 0:00:00]} Nc6 {[%emt 0:00:16]} 3. g3 {[%emt 0:00:00]} g6 {[%emt 0:01:10]} 4. Bg2 {[%emt 0:00:00]} Bg7 {[%emt 0:00:04]} 5. d3 {[%emt 0:00:00]} d6 {[%emt 0:02:22]} 6. Be3 e5 {[%emt 0:09:19]} 7. Nge2 {[%emt 0:14:45]} Nge7 {[%emt 0:02:13]} 8. O-O {[%emt 0:09:51]} O-O {[%emt 0:01:47]} 9. f4 {[%emt 0:11:07]} exf4 {[%emt 0:17:40]} 10. Nxf4 {[%emt 0:02:23]} f5 {[%emt 0:08:16] B25: Closed Sicilian: 3 g3, lines without early Be3} (10... b5 11. a3 b4 12. axb4 cxb4 13. Ncd5 Bxb2 14. d4 Bxa1 15. Nf6+ Kh8 16. Qxa1 Qa5 17. Qd1 Ng8 18. N4d5 {1-0 (35) Artemiev,V (2704)-Dubov,D (2696) Sochi 2018}) 11. Rb1 {[%emt 0:05:13]} Kh8 $146 {[%emt 0:01:24]} ({Predecessor:} 11... Bd7 12. Ncd5 Nxd5 13. Nxd5 Be6 14. exf5 Bxf5 15. Qd2 Qd7 16. Bh6 Rae8 17. Bxg7 Qxg7 18. Rf2 {1-0 (55) Jacobs,R (2400)-Glaser,H (2470) USA 1994}) 12. Ncd5 {[%emt 0:03:22]} Bd7 {[%emt 0:04:38]} 13. c3 {[%emt 0:03:59]} Rb8 {[%emt 0:03:30]} 14. Kh1 {[%emt 0:02:08]} b5 {[%emt 0:07:10]} 15. b4 {[%emt 0:02:54]} cxb4 {[%emt 0:05:09]} 16. cxb4 {[%emt 0:01:19]} Nd4 {[%emt 0:03:15]} 17. Nxe7 {[%emt 0:02:09]} Qxe7 {[%emt 0:00:08]} 18. Nd5 {[%emt 0:00:17]} Qd8 {[%emt 0:01:21]} 19. Qd2 {[%emt 0:00:27]} Be6 {[%emt 0:02:17]} 20. Nf4 {[%emt 0:01:10]} Bd7 {[%emt 0:02:50]} 21. Qf2 {[%emt 0:01:59]} Nc6 {[%emt 0:01:51]} 22. Qg1 {[%emt 0:06:20]} a6 {[%emt 0:01:47]} 23. exf5 {[%emt 0:02:33]} Rxf5 {[%emt 0:02:03]} 24. Nd5 {[%emt 0:04:32]} Ne5 {[%emt 0:03:08]} 25. Be4 {[%emt 0:02:03]} Rxf1 {[%emt 0:01:07]} 26. Rxf1 {[%emt 0:02:35]} Bc6 {[%emt 0:01:37]} 27. Bd4 {[%emt 0:04:55]} Qd7 {[%emt 0:02:22]} 28. Qe3 {[%emt 0:01:46]} Qb7 {[%emt 0:01:35]} 29. Nc3 {[%emt 0:06:30]} Re8 {[%emt 0:01:37]} 30. Kg1 {[%emt 0:04:33]} Ng4 {[%emt 0:05:55]} 31. Bxg7+ {[%emt 0:04:03]} Qxg7 {[%emt 0:00:36]} 32. Qb6 {[%emt 0:00:42]} Bxe4 {[%emt 0:02:01]} 33. Nxe4 {[%emt 0:00:08]} Qb2 {[%emt 0:00:51]} 34. Nf2 {[%emt 0:00:46]} Nxf2 {[%emt 0:01:02]} 35. Qxf2 {[%emt 0:01:01]} Qxf2+ {[%emt 0:01:27]} 36. Kxf2 {[%emt 0:00:40]} Rc8 {[%emt 0:02:26]} 37. Ke3 {[%emt 0:00:55]} Kg7 {[%emt 0:00:54]} 38. Rf2 {[%emt 0:00:14]} Re8+ {[%emt 0:00:43]} (38... Rc1 $11) 39. Kd4 {[%emt 0:00:14]} Re5 {[%emt 0:00:11]} 40. g4 {[%emt 0:00:00]} h5 {[%emt 0:00:00]} 41. h3 {[%emt 0:03:07]} hxg4 {[%emt 0:12:35]} 42. hxg4 {[%emt 0:00:07]} Rg5 {[%emt 0:00:28]} 43. Rf4 {[%emt 0:00:59]} Re5 {[%emt 0:00:55]} 44. Re4 {[%emt 0:08:39]} Rg5 {[%emt 0:02:56]} 45. Ke3 {[%emt 0:02:35]} Kf6 {[%emt 0:04:21]} 46. d4 {[%emt 0:08:53]} a5 {[%emt 0:04:32]} 47. a3 {[%emt 0:03:22]} axb4 {[%emt 0:00:12]} 48. axb4 {[%emt 0:00:04]} Kf7 {[%emt 0:03:16]} 49. Rf4+ {[%emt 0:01:30]} Ke7 {[%emt 0:01:26]} 50. Ke4 {[%emt 0:03:09]} Ke6 {[%emt 0:00:22]} 51. Kd3 {[%emt 0:01:34]} Ke7 {[%emt 0:01:00]} 52. Ke3 {[%emt 0:00:22]} Ke6 $11 {[%emt 0:01:18]} 53. Ke4 {[%emt 0:00:17] Ke5+} 1/2-1/2

[Event "28th WSCC Women 50 2018"]
[Site "Bled"]
[Date "2018.11.25"]
[Round "7"]
[White "Krasenkova, Ilena"]
[Black "Strutinskaia, Galina"]
[Result "0-1"]
[WhiteElo "2144"]
[BlackElo "2201"]
[Annotator "NA"]
[PlyCount "76"]
[EventDate "2018.11.17"]
[EventType "swiss"]
[EventCountry "SLO"]
[SourceTitle "playchess.com"]
[Source "ChessBase"]
[SourceQuality "1"]
[TimeControl "40/5400+30:1800+30"]

1. d4 {[%emt 0:00:00]} e6 {[%emt 0:00:00]} 2. c4 {[%emt 0:00:00]} Bb4+ {[%emt 0:00:00]} 3. Nd2 {[%emt 0:00:00]} d5 {[%emt 0:00:00]} 4. e3 {[%emt 0:01:23]} Nf6 {[%emt 0:02:19]} 5. Ngf3 {[%emt 0:00:10]} O-O {[%emt 0:01:02]} 6. a3 {[%emt 0:00:09]} Be7 {[%emt 0:01:01]} 7. Qc2 {[%emt 0:00:39]} b6 {[%emt 0:02:50]} 8. cxd5 {[%emt 0:02:42]} exd5 {[%emt 0:00:29]} 9. b4 {[%emt 0:00:48]} Bd6 {[%emt 0:09:10]} 10. Bd3 {[%emt 0:01:44]} Re8 {[%emt 0:02:18]} 11. O-O {[%emt 0:01:32]} Nbd7 {[%emt 0:02:54]} 12. e4 {[%emt 0:04:24]} dxe4 {[%emt 0:00:26]} 13. Nxe4 {[%emt 0:00:06]} Bb7 {[%emt 0:00:25]} 14. Re1 {[%emt 0:13:18]} h6 {[%emt 0:10:25]} 15. h3 {[%emt 0:07:09]} Nxe4 {[%emt 0:10:57]} 16. Bxe4 {[%emt 0:00:05]} Bxe4 {[%emt 0:00:37]} 17. Rxe4 {[%emt 0:00:05]} Nf6 {[%emt 0:00:17]} 18. Rxe8+ {[%emt 0:01:56]} Qxe8 {[%emt 0:00:22]} 19. Be3 {[%emt 0:00:14]} a5 {[%emt 0:00:45]} 20. bxa5 {[%emt 0:02:18]} Rxa5 {[%emt 0:00:20]} 21. a4 {[%emt 0:00:07]} b5 {[%emt 0:03:05]} 22. Re1 {[%emt 0:03:46]} Rxa4 {[%emt 0:06:29]} 23. Bxh6 {[%emt 0:00:07]} Qa8 {[%emt 0:00:48]} 24. Qf5 {[%emt 0:05:48]} Qd5 {[%emt 0:08:52]} 25. Qc8+ {[%emt 0:00:42]} Kh7 {[%emt 0:01:37]} 26. Ne5 {[%emt 0:07:01]} gxh6 {[%emt 0:07:41]} 27. Qf5+ {[%emt 0:00:45]} Kg7 {[%emt 0:00:01]} 28. Re3 {[%emt 0:00:25]} Ra1+ {[%emt 0:00:49]} 29. Kh2 {[%emt 0:00:04]} Ra3 {[%emt 0:00:25]} 30. Rxa3 {[%emt 0:11:38]} Bxa3 {[%emt 0:00:12]} 31. g4 {[%emt 0:00:03]} Qe4 {[%emt 0:00:17]} 32. Qc8 {[%emt 0:00:11]} Bd6 {[%emt 0:00:37]} 33. Kg1 {[%emt 0:01:45]} Bxe5 {[%emt 0:02:05]} 34. dxe5 {[%emt 0:00:04]} Qxe5 {[%emt 0:00:13]} 35. Qb7 {[%emt 0:00:03]} Qe1+ {[%emt 0:00:11]} 36. Kh2 {[%emt 0:00:22]} Ne4 {[%emt 0:00:55]} 37. Qxc7 {[%emt 0:00:58]} Qxf2+ {[%emt 0:00:12]} 38. Kh1 {[%emt 0:00:03]} Ng3+ {[%emt 0:00:14]} 0-1

[Event "28th WSCC Women 50 2018"]
[Site "Bled"]
[Date "2018.11.25"]
[Round "7"]
[White "Ankudinova, Yelena"]
[Black "Makropoulou, Marina"]
[Result "1/2-1/2"]
[WhiteElo "2107"]
[BlackElo "2110"]
[Annotator "ChessBase"]
[PlyCount "156"]
[EventDate "2018.11.17"]
[EventType "swiss"]
[EventCountry "SLO"]
[SourceTitle "playchess.com"]
[Source "ChessBase"]
[SourceQuality "1"]
[TimeControl "40/5400+30:1800+30"]

1. f4 {[%emt 0:00:00]} d5 {[%emt 0:00:00]} 2. Nf3 {[%emt 0:00:00]} c6 {[%emt 0:00:00]} 3. b3 {[%emt 0:02:30]} Qc7 {[%emt 0:00:15]} 4. e3 {[%emt 0:01:50]} Bg4 {[%emt 0:00:38]} 5. Bb2 {[%emt 0:02:57]} Nd7 {[%emt 0:00:49]} 6. c4 {[%emt 0:02:59]} Ngf6 {[%emt 0:06:57]} 7. Be2 {[%emt 0:10:48]} Bxf3 {[%emt 0:05:05]} 8. Bxf3 {[%emt 0:08:33]} dxc4 {[%emt 0:00:24]} 9. bxc4 {[%emt 0:00:28]} e5 {[%emt 0:00:04]} 10. fxe5 {[%emt 0:15:19]} Nxe5 {[%emt 0:00:07]} 11. Be2 {[%emt 0:01:15]} O-O-O {[%emt 0:28:36]} 12. Qc2 {[%emt 0:12:13]} Kb8 {[%emt 0:00:50]} 13. Qf5 {[%emt 0:04:31]} Ng6 {[%emt 0:00:59]} 14. Nc3 {[%emt 0:02:20]} Bd6 {[%emt 0:01:14]} 15. g3 {[%emt 0:03:32]} Rhe8 {[%emt 0:02:27]} 16. O-O-O {[%emt 0:00:27]} Re5 {[%emt 0:04:27]} 17. Qf3 {[%emt 0:02:54]} Ra5 {[%emt 0:00:50]} 18. d4 {[%emt 0:03:03]} Ba3 {[%emt 0:01:27]} 19. c5 {[%emt 0:01:49]} b6 {[%emt 0:10:41]} 20. Bxa3 {[%emt 0:00:33]} Rxa3 {[%emt 0:00:02]} 21. Kb2 {[%emt 0:00:18]} Ra5 {[%emt 0:00:26]} 22. cxb6 {[%emt 0:02:27]} axb6 {[%emt 0:00:17]} 23. Rhf1 {[%emt 0:03:35]} Rd7 {[%emt 0:11:41]} 24. Rb1 {[%emt 0:03:28]} Qd6 {[%emt 0:05:33]} 25. Kc2 {[%emt 0:00:21]} Nd5 {[%emt 0:01:14]} 26. Rb2 {[%emt 0:03:06]} Nxc3 {[%emt 0:02:12]} 27. Kxc3 {[%emt 0:00:03]} Ka7 {[%emt 0:01:09]} 28. Kc2 {[%emt 0:03:13]} Ne7 {[%emt 0:02:04]} 29. Kb1 {[%emt 0:01:51]} Rf5 {[%emt 0:06:20]} 30. Qg4 {[%emt 0:01:35]} Rxf1+ {[%emt 0:00:30]} 31. Bxf1 {[%emt 0:00:02]} Nd5 {[%emt 0:00:37]} 32. Rb3 {[%emt 0:00:46]} g6 {[%emt 0:00:48]} 33. Qe2 {[%emt 0:00:21]} b5 {[%emt 0:02:22]} 34. a4 {[%emt 0:03:46]} Rb7 {[%emt 0:01:09]} 35. axb5 {[%emt 0:00:05]} Kb8 {[%emt 0:02:23]} 36. Qc4 {[%emt 0:02:42]} Rxb5 {[%emt 0:02:20]} 37. Rxb5+ {[%emt 0:00:02]} cxb5 {[%emt 0:00:03]} 38. Qxb5+ {[%emt 0:00:07]} Kc7 {[%emt 0:00:18]} 39. Qc4+ {[%emt 0:00:59]} Kd8 {[%emt 0:00:19]} 40. e4 {[%emt 0:00:00]} Ne3 {[%emt 0:00:00]} 41. Qd3 {[%emt 0:19:01]} Qb4+ {[%emt 0:00:56]} 42. Ka2 {[%emt 0:00:26]} Qa4+ {[%emt 0:02:57]} 43. Kb2 {[%emt 0:03:35]} Nxf1 {[%emt 0:02:09]} 44. Qxf1 {[%emt 0:00:02]} Qxd4+ {[%emt 0:00:06]} 45. Kb3 {[%emt 0:00:21]} Qe3+ {[%emt 0:01:08]} 46. Kb2 {[%emt 0:04:26]} Qd2+ {[%emt 0:04:47]} 47. Kb3 {[%emt 0:00:44]} Qe3+ {[%emt 0:02:41]} 48. Kb2 {[%emt 0:00:09]} Ke7 {[%emt 0:03:39]} 49. Qf4 {[%emt 0:00:19]} Qd4+ {[%emt 0:01:47]} 50. Kc2 {[%emt 0:00:16]} h5 {[%emt 0:03:18]} 51. h4 {[%emt 0:01:29]} Ke6 {[%emt 0:00:45]} 52. Qf3 {[%emt 0:00:39]} Qc4+ {[%emt 0:01:24]} 53. Kd2 {[%emt 0:00:22]} Qb4+ {[%emt 0:02:09]} 54. Ke2 {[%emt 0:00:10]} Qb2+ {[%emt 0:01:12]} 55. Kf1 {[%emt 0:00:49]} Qc2 {[%emt 0:03:22]} 56. Qf4 {[%emt 0:00:12]} Qa2 {[%emt 0:01:16]} 57. Kg1 {[%emt 0:00:39]} Qe2 {[%emt 0:00:14]} 58. Kh1 {[%emt 0:00:30]} Qc2 {[%emt 0:03:19]} 59. Kg1 {[%emt 0:00:05]} Qb2 {[%emt 0:00:29]} 60. Kf1 {[%emt 0:00:15]} Qa2 {[%emt 0:01:46]} 61. Ke1 {[%emt 0:00:18]} Qg2 {[%emt 0:00:29]} 62. Kd1 {[%emt 0:00:24]} Qg1+ {[%emt 0:00:29]} 63. Ke2 {[%emt 0:00:06]} Qd4 {[%emt 0:00:10]} 64. Kf1 {[%emt 0:00:32]} Qc4+ {[%emt 0:00:04]} 65. Kf2 {[%emt 0:00:11]} Qa2+ {[%emt 0:00:51]} 66. Ke1 {[%emt 0:00:18]} Qa7 {[%emt 0:01:40]} 67. Kf1 {[%emt 0:00:12]} Qc5 {[%emt 0:00:37]} 68. Kg2 {[%emt 0:00:27]} Qc4 {[%emt 0:00:12]} 69. Kf2 {[%emt 0:00:17]} Kd7 {[%emt 0:00:36]} 70. Ke3 {[%emt 0:00:46]} Qb3+ {[%emt 0:00:40]} 71. Kf2 {[%emt 0:02:46]} Qc4 {[%emt 0:00:19]} 72. Qe5 {[%emt 0:00:55]} Qc2+ {[%emt 0:00:34]} 73. Kf3 {[%emt 0:00:13]} Qd3+ {[%emt 0:00:25]} 74. Kf2 {[%emt 0:00:10]} Qd2+ {[%emt 0:00:55]} 75. Kf3 {[%emt 0:00:11]} Qd1+ {[%emt 0:00:29]} 76. Kf2 {[%emt 0:00:14]} Qd2+ {[%emt 0:01:01]} 77. Kf3 {[%emt 0:00:06]} Qd3+ {[%emt 0:00:33]} 78. Kf2 {[%emt 0:00:20]} Qd2+ {[%emt 0:00:46]} 1/2-1/2

[Event "28th WSCC Women 50 2018"]
[Site "Bled"]
[Date "2018.11.26"]
[Round "8"]
[White "Strutinskaia, Galina"]
[Black "Lauterbach, Ingrid"]
[Result "1/2-1/2"]
[WhiteElo "2201"]
[BlackElo "2027"]
[Annotator "NA"]
[PlyCount "61"]
[EventDate "2018.11.17"]
[EventType "swiss"]
[EventCountry "SLO"]
[SourceTitle "playchess.com"]
[Source "ChessBase"]
[SourceQuality "1"]
[TimeControl "40/5400+30:1800+30"]

1. d4 Nf6 2. c4 d6 3. Nc3 Nbd7 4. e4 e5 5. Nf3 g6 6. h3 Bg7 7. Be3 O-O 8. d5 Nc5 9. Nd2 {LiveBook: 248 Games} a5 10. a3 Bd7 {E90: King's Indian: Classical: Early deviations and 6 h3} (10... Qe8 11. b4 axb4 12. axb4 Rxa1 13. Qxa1 Na6 14. Qa3 Nh5 15. c5 f5 16. Nc4 Qe7 17. cxd6 cxd6 18. b5 {1-0 (67) Deac,B (2559)-Marin,M (2549) Medias 2016}) 11. b4 axb4 12. axb4 Rxa1 13. Qxa1 Na6 14. Qa3 Nh5 15. c5 dxc5 16. bxc5 Nb8 17. Qb3 Qc8 18. Nc4 f5 $146 19. d6 Be6 20. dxc7 Na6 21. Qb6 Nxc7 22. Nd6 Qd7 23. Ncb5 Na8 24. Qxb7 Qxb7 25. Nxb7 fxe4 26. c6 Nf4 27. Nc5 Bd5 28. Nc3 Bxc6 29. N5xe4 Kh8 30. g3 $14 Nd5 31. Nxd5 1/2-1/2

[Event "28th WSCC Women 50 2018"]
[Site "Bled"]
[Date "2018.11.26"]
[Round "8"]
[White "Sirotkina, Nina"]
[Black "Berend, Elvira"]
[Result "0-1"]
[WhiteElo "2188"]
[BlackElo "2332"]
[Annotator "TA"]
[PlyCount "106"]
[EventDate "2018.11.17"]
[EventType "swiss"]
[EventCountry "SLO"]
[SourceTitle "playchess.com"]
[Source "ChessBase"]
[SourceQuality "1"]

{[%evp 16,106,0,-10,6,-6,17,12,15,15,16,22,33,30,19,28,43,39,45,25,48,52,59,8,25,3,8,0,0,0,1,-4,-4,-10,-10,-10,-8,-15,-4,-7,0,0,0,0,83,-7,-4,-6,0,-12,-12,-12,-12,-12,-12,-12,-12,-12,-12,-12,-12,-34,0,0,0,-20,0,0,0,0,0,0,0,-8,-8,-8,0,-353,-358,-688,-670,-591,-542,-542,-493,-522,-503,-1328,-880,-591,-542,-29976,-29977]} 1. d4 Nf6 2. Nf3 g6 3. Bf4 Bg7 4. e3 d6 5. h3 O-O 6. Nbd2 Nbd7 7. Be2 b6 8. O-O Bb7 9. c3 a6 {A48: 1 d4 Nf6 2 Nf3 g6: Torre, London and Colle Systems} 10. a4 Ra7 11. Re1 Qa8 {The position is equal.} 12. Bf1 Re8 $146 ({Predecessor:} 12... Ne4 13. Nxe4 Bxe4 14. Nd2 Bb7 15. e4 Qe8 16. Qc2 Ra8 17. Bh2 {½-½ (30) Deepan Chakkravarthy,J (2461)-Gupta,A (2644) Ho Chi Minh City 2012}) 13. Bh2 e5 14. dxe5 dxe5 {[#]} 15. e4 $1 {[%mdl 512]} Re7 {[%cal Rf6e4]} (15... Bxe4 16. Nxe4) 16. Qc2 Qe8 17. b4 Ra8 18. Bc4 Nh5 19. Nf1 ({White should play} 19. a5 $14) 19... Ndf6 $11 20. N3d2 Nf4 21. Ne3 Rd8 22. f3 N6h5 23. Ndf1 b5 24. axb5 axb5 25. Bb3 Red7 26. Red1 c6 27. Ng3 Bc8 28. Nxh5 Nxh5 29. Rxd7 Rxd7 {[#]} (29... Bxd7 $11 {remains equal.} 30. Ra7 Be6) 30. Rd1 ({Better is} 30. c4 $1 $16) 30... Nf4 31. Bg3 Qd8 32. Kh2 h5 33. Qa2 Rxd1 34. Nxd1 Be6 35. Bxe6 Nxe6 36. Qc2 h4 37. Bf2 Bh6 38. Be3 Bxe3 39. Nxe3 Qg5 40. Nf1 Nf4 41. Qd2 Kg7 42. Kh1 Qe7 43. Kh2 Nh5 44. Qd3 Qa7 {Strongly threatening ...Qf2.} 45. Qd2 $1 Qa1 46. Qf2 $2 {[%mdl 8192]} (46. Ne3 $1 $11 {and White stays safe.}) 46... Qc1 $19 (46... Qxc3 $2 47. Qxh4 Qxb4 48. Qg5 $19) 47. g4 $2 (47. Qxh4 Qxf1 48. Qe7) 47... hxg3+ 48. Nxg3 Nxg3 49. Qxg3 Qxc3 {aiming for ...c5. KQ-KQ} 50. h4 {Now h5 and White clings on.} c5 51. bxc5 (51. h5 $142 cxb4 52. Qg5) 51... Qxc5 52. h5 b4 53. Qg5 Qf2+ {Accuracy: White = 47%, Black = 66%.} 0-1

[Event "28th WSCC Women 50 2018"]
[Site "Bled"]
[Date "2018.11.26"]
[Round "8"]
[White "Bogumil, Tatiana"]
[Black "Burchardt, Brigitte"]
[Result "1-0"]
[WhiteElo "2114"]
[BlackElo "2200"]
[Annotator "ChessBase"]
[PlyCount "99"]
[EventDate "2018.11.17"]
[EventType "swiss"]
[EventCountry "SLO"]
[SourceTitle "playchess.com"]
[Source "ChessBase"]
[SourceQuality "1"]
[TimeControl "40/5400+30:1800+30"]

1. Nf3 Nf6 2. c4 g6 3. Nc3 Bg7 4. e4 d6 5. d4 O-O 6. Be2 c6 7. O-O Bg4 8. h3 Bxf3 9. Bxf3 Nbd7 10. Be3 a6 11. Qd2 Re8 12. g4 Nf8 13. Rad1 N6d7 14. Bg2 Rc8 15. f4 c5 16. d5 Qa5 17. e5 dxe5 18. f5 f6 19. d6 Rb8 20. dxe7 Rxe7 21. Nd5 Qxd2 22. Nxe7+ Kf7 23. Rxd2 Kxe7 24. Rfd1 Ke8 25. Be4 g5 26. b3 a5 27. a4 b6 28. Bc6 Rd8 29. Kf2 Ke7 30. Bb5 h6 31. Ke2 Bh8 32. Bf2 Bg7 33. Bg3 Bh8 34. h4 Bg7 35. hxg5 hxg5 36. Ke3 Bh8 37. Ke4 Bg7 38. Bc6 Bh8 39. Rh1 Bg7 40. Rhd1 Bh8 41. Rd6 Bg7 42. Bb5 Bh8 43. Rc6 Bg7 44. Rc7 Bh8 45. Rb7 Bg7 46. Rd2 Bh8 47. Kd5 Bg7 48. Bxd7 Nxd7 49. Kc6 Rc8+ 50. Rc7 1-0

[Event "28th WSCC Women 50 2018"]
[Site "Bled"]
[Date "2018.11.26"]
[Round "8"]
[White "Makropoulou, Marina"]
[Black "Krasenkova, Ilena"]
[Result "1-0"]
[WhiteElo "2110"]
[BlackElo "2144"]
[Annotator "NA"]
[PlyCount "111"]
[EventDate "2018.11.17"]
[EventType "swiss"]
[EventCountry "SLO"]
[SourceTitle "playchess.com"]
[Source "ChessBase"]
[SourceQuality "1"]
[TimeControl "40/5400+30:1800+30"]

1. e4 Nf6 2. e5 Nd5 3. d4 e6 4. Nf3 Be7 5. c4 Nb6 6. Nc3 d5 7. exd6 cxd6 8. Be2 O-O 9. O-O Nc6 10. Be3 {B04: Alekhine's Defence: 4 Nf3} (10. a3) 10... d5 11. c5 Nd7 12. Rc1 $146 ({Predecessor:} 12. a3 f5 13. b4 Bf6 14. b5 Ne7 15. Qb3 h6 16. h4 f4 17. Bxf4 Nf5 {1-0 (48) Koval,A (2170)-Bucek,E (2018) Tatranske Zruby 2009}) 12... b6 13. Bb5 Bb7 14. Qa4 Rc8 15. b4 bxc5 16. bxc5 a6 17. Bd3 Bf6 18. Rb1 Na5 19. Rfc1 Nb8 (19... e5 $16) 20. Rb6 Nbc6 21. Rcb1 Re8 22. Rxb7 Nxb7 23. Rxb7 e5 24. dxe5 Nxe5 25. Nxe5 Rxe5 26. Ne2 a5 27. h3 Re7 28. c6 Qe8 29. Rxe7 Bxe7 30. Bb5 Bb4 31. a3 Bd6 32. g3 Bc7 33. Qd4 Qe6 34. Kh2 h6 35. a4 g5 36. Qd3 Re8 37. Nd4 Qf6 38. Qf5 Qxf5 39. Nxf5 Kh7 40. Bd3 Rb8 41. Ne7+ Kg7 42. Nxd5 Be5 43. c7 Bxc7 44. Nxc7 Rb4 45. Bb5 f5 46. Bd2 Re4 47. Bxa5 f4 48. g4 Kf7 $18 49. Kg2 Rd4 50. Bb6 Rd2 51. a5 Ke7 52. a6 Ra2 53. a7 Kd6 54. Na6 h5 55. a8=Q f3+ 56. Qxf3 1-0